00332nam a22001097a 4500020001800000082001700018100003900035245004800074260006600122300000800188650002600196 a9789380359403 a299.3923 LIB aLibrary Of Tibetan Works &Archives aSpeeches of His Holiness the XIV Dalai Lama adharamshala, IndiabLibrary of tibetan Works & Archivesc2011 a268 aDalailama- Philosophy